000 00256nam a2200097Ia 4500
001 990256
005 20251230110618.0
008 250824s9999 xx 000 0 und d
245 0 _aSHERLOCK HOLMES - BORSACI KATİBİ
_cSİR ARTHUR CONAN DOYLE
260 _bdokuz
999 _c990256
_d990256